LEGO Harry Potter Years 1-4 Characters - Statistics

General Stats
  • This quiz has been taken 99 times
    27 since last reset
  • The average score is 111 of 189
Answer Stats
Answer % Correct
Harry (Blue Jacket)
100%
Harry (Blue Shirt)
100%
Harry (Dragon Task)
100%
Harry (Girl Disguise)
100%
Harry (Grey Jacket)
100%
Harry (Hogwarts)
100%
Harry (Lake Task)
100%
Harry (Maze Task)
100%
Harry Potter
100%
Harry (Pyjamas)
100%
Harry (Quidditch)
100%
Harry (Red Sweater)
100%
Harry (Slytherin Disguise)
100%
Harry (Sweater)
100%
Harry (Tuxedo)
100%
Hermione (Ballgown)
100%
Hermione (Blue Top)
100%
Hermione (Cat)
100%
Hermione Granger
100%
Hermione (Grey Hooded Top)
100%
Hermione (Hogwarts)
100%
Hermione (Red Hooded Top)
100%
Ron (Brown Jacket)
100%
Ron (Cardigan)
100%
Ron (Girl Disguise)
100%
Ron (Hogwarts)
100%
Ron (Pyjamas)
100%
Ron (Slytherin Disguise)
100%
Ron (Sweater)
100%
Ron (Tuxedo)
100%
Ron Weasley
100%
Professor Dumbledore
90%
Professor Dumbledore (Grey)
90%
Tom Riddle
90%
Draco (Hogwarts)
85%
Draco Malfoy
85%
Draco (Quidditch)
85%
Draco (Sweater)
85%
Draco (Tuxedo)
85%
Lord Voldemort
85%
Professor Snape
85%
Cedric Diggory
80%
Cedric (Dragon Task)
80%
Cedric (Lake Task)
80%
Cedric (Maze Task)
80%
Cedric (Sweater)
80%
Professor McGonagall
80%
Professor Quirrell (Voldemort)
80%
Fred (Quidditch)
75%
Fred (Sweater)
75%
Fred Weasley
75%
George (Qudditch)
75%
George (Sweater)
75%
George Weasley
75%
Goyle Sr
75%
Goyle (Sweater)
75%
Gregory Goyle
75%
Hagrid
75%
Professor McGonagall (Cat)
75%
Tom the Innkeeper
75%
Arthur Weasley
70%
Dudley Dursley
70%
Ginny (Cardigan)
70%
Ginny (Grey Hooded Top)
70%
Ginny Weasley
70%
Krum Shark
70%
Lucius Malfoy
70%
Mad-Eye Moody
70%
Neville Longbottom
70%
Neville (Pyjamas)
70%
Padfoot
70%
Professor Lupin
70%
Professor Lupin (Werewolf)
70%
Seamus Finnigan
70%
Sirius Black
70%
Viktor (Dragon Task)
70%
Viktor Krum
70%
Viktor (Lake Task)
70%
Viktor (Maze Task)
70%
Viktor (Tuxedo)
70%
Cho Chang
65%
Dobby
65%
Fleur Delacour
65%
Fleur (Dragon Task)
65%
Fleur (Lake Task)
65%
Fleur (Maze Task)
65%
Molly Weasley
65%
Percy (Sweater)
65%
Percy Weasley
65%
Peter Pettigrew
65%
Petunia Dursley
65%
Vernon Dursley
65%
Barty Crouch Junior
60%
Barty Crouch Senior
60%
Cornelius Fudge
60%
Crabbe Sr
60%
Crabbe (Sweater)
60%
Dean Thomas
60%
Fang
60%
Professor Flitwick
60%
Scabbers
60%
Vincent Crabbe
60%
Crookshanks
55%
James Potter (Ghost)
55%
Lily Potter (Ghost)
55%
Nearly Headless Nick
55%
Professor Quirrell
55%
Professor Trelawney
55%
Filch
50%
Gilderoy Lockhart
50%
Gilderoy Lockhart (Green Jacket)
50%
Griphook
50%
Igor Karkaroff
50%
Katie Bell
50%
Madam Hooch
50%
Padma (Ballgown)
50%
Padma Patil
50%
Professor Sprout
50%
Gryffindor Boy
45%
Gryffindor Girl
45%
Hufflepuff Boy
45%
Hufflepuff Girl
45%
Justin Finch-Fletchley
45%
Madam Pomfrey
45%
Parvati (Ballgown)
45%
Parvati Pati
45%
Ravenclaw Boy
45%
Ravenclaw Girl
45%
Slytherin Boy
45%
Slytherin Girl
45%
Alicia Spinnet
40%
Amos Diggory
40%
Bloody Baron
40%
Boy
40%
Girl
40%
Madam Maxime
40%
Moaning Myrtle
40%
Professor Binns
40%
Angelina Johnson
35%
Colin Creevey
35%
Ernie Macmillan
35%
Ernie Prang
35%
Hannah Abbott
35%
Marjorie Dursley
35%
Oliver Wood
35%
Professor Sinistra
35%
Rita Skeeter
35%
Rita Skeeter (Beetle)
35%
Shifty Wizard
35%
Fat Friar
30%
Gabrielle Delacour
30%
Professor Vector
30%
Stan Shunpike
30%
The Grey Lady
30%
Wizard (Green)
30%
Wizard (Red)
30%
Death Eater
25%
Drummer
25%
Guitarist
25%
Marcus Flint
25%
Milkman
25%
Mr Ollivander
25%
Mrs. Norris
25%
Susan Bones
25%
Trolley Witch
25%
Witch (Grey)
25%
Witch (White)
25%
Hufflepuff Prefect
20%
Lee Jordan
20%
Macnair
20%
Moaning Myrtle (Swimsuit)
20%
Mr Mason
20%
Mrs Mason
20%
Penelope Clearwater
20%
Ravenclaw Prefect
20%
Slytherin Prefect
20%
Bassist
15%
Durmstrang Student
15%
Madam Irma Pince
15%
Madam Malkin
15%
Madam Rosmerta
15%
Trevor
15%
Vocalist
15%
Anthony Goldstein
10%
Station Guard
10%
Doris Crockford
5%
Dragon Handler
5%
Michael Corner
5%
Millicent Bulstrode
5%
No matching quizzes found
Score Distribution
Percent of People with Each Score
Percentile by Number Answered
Your Score History
You have not taken this quiz since the last reset